Statistics for Most Republican and Democrat US States in the 2000 Election

Click here to take the quiz!

General Stats

  • This quiz has been taken 73 times
  • The average score is 8 of 10

Answer Stats

Answer% Correct
Republican (George W. Bush)67.76%Wyoming
94%
Democrat (Al Gore)60.21New York
90%
Democrat (Al Gore)60.99%Massachusetts
89%
Republican (George W. Bush)67.17Idaho
87%
Republican (George W. Bush)66.83Utah
84%
Democrat (Al Gore)59.8Rhode Island
83%
Democrat (Al Gore)56.57Maryland
78%
Republican (George W. Bush)60.66North Dakota
78%
Democrat (Al Gore)56.13New Jersey
73%
Republican (George W. Bush)62.25Nebraska
68%

Score Distribution

Percentile by Number Answered

Percent of People with Each Score

Your Score History

You have not taken this quiz